[Event "SLO-chT Central 20th"]
[Site "Slovenia"]
[Date "2019.10.24"]
[Round "7.3"]
[White "Sivcevic, Nusret"]
[Black "Lah, Emil"]
[Result "1/2-1/2"]
[WhiteElo "1748"]
[BlackElo "1951"]
[PlyCount "128"]
[EventDate "2019.09.12"]
[EventType "team-tourn"]
[EventRounds "7"]
[EventCountry "SLO"]
[SourceTitle "EXT 2024"]
[Source "ChessBase"]
[SourceDate "2023.10.10"]
[SourceVersion "1"]
[SourceVersionDate "2023.10.10"]
[SourceQuality "1"]
[WhiteTeam "Klinicni Center"]
[BlackTeam "Trzin Buscotrade"]
[WhiteTeamCountry "SLO"]
[BlackTeamCountry "SLO"]

1. f4 d5 2. Nf3 g6 3. c3 Bg7 4. Qc2 Nf6 5. d3 Bg4 6. Be3 b6 7. Nbd2 c5 8. Bf2 Nc6 9. e4 dxe4 10. dxe4 0-0 11. 0-0-0 Qc8 12. h3 Bxf3 13. Nxf3 Qe6 14. g4 Qxe4 15. Qxe4 Nxe4 16. Bh4 Nf6 17. Bb5 Rfc8 18. Rhe1 e6 19. f5 a6 20. Bxc6 Rxc6 21. Bxf6 Bxf6 22. g5 Bg7 23. f6 Bf8 24. Rd7 Bd6 25. Rd1 Bf4+ 26. Kc2 Rcc8 27. h4 b5 28. Re7 Rd8 29. Rdd7 Rxd7 30. Rxd7 a5 31. Kd3 a4 32. Ke4 Bg3 33. Ne5 a3 34. b3 Bxe5 35. Kxe5 h6 36. Kd6 hxg5 37. hxg5 c4 38. b4 Rc8 39. Rb7 Rd8+ 40. Kc6 Rd2 41. Rb8+ Kh7 42. Rf8 Rxa2 43. Rxf7+ Kg8 44. Rg7+ Kf8 45. Rxg6 Rg2 46. Rg7 a2 47. Ra7 Rxg5 48. Rxa2 Kf7 49. Ra5 Kxf6 50. Rxb5 Rg3 51. Rc5 Rxc3 52. b5 Rb3 53. Rxc4 e5 54. Kc5 Kf5 55. b6 Rh3 56. b7 Rh8 57. Kb6 Rb8 58. Rc8 Rxb7+ 59. Kxb7 Kf4 60. Kc6 e4 61. Kd5 e3 62. Rf8+ Kg3 63. Kd4 e2 64. Re8 Kf2 1/2-1/2

[Event "Ljubljana-chT 72nd Superliga"]
[Site "Ljubljana"]
[Date "2019.03.07"]
[Round "6.1"]
[White "Plaskan, Jure"]
[Black "Lah, Emil"]
[Result "1-0"]
[WhiteElo "2240"]
[BlackElo "1969"]
[PlyCount "79"]
[EventDate "2019.01.10"]
[EventType "team-tourn"]
[EventRounds "7"]
[EventCountry "SLO"]
[SourceTitle "EXT 2024"]
[Source "ChessBase"]
[SourceDate "2023.10.10"]
[SourceVersion "1"]
[SourceVersionDate "2023.10.10"]
[SourceQuality "1"]
[WhiteTeam "Domzale Tajfun"]
[BlackTeam "Trzin Buscotrade"]
[WhiteTeamCountry "SLO"]
[BlackTeamCountry "SLO"]

1. e4 c5 2. Nf3 d6 3. d4 cxd4 4. Nxd4 Nf6 5. f3 Nc6 6. c4 Qb6 7. Nc2 e6 8. Nc3 Be7 9. Bf4 Ne5 10. Be2 a6 11. Qd2 Ng6 12. Be3 Qc7 13. 0-0 0-0 14. Rac1 b6 15. b4 Bb7 16. Na4 Nd7 17. Rfd1 Bc6 18. Nc3 Bb7 19. Bf1 Rab8 20. Qf2 Rfc8 21. Nd4 Qd8 22. Na4 d5 23. exd5 exd5 24. cxd5 Rxc1 25. Bxc1 Bxb4 26. Nc6 Bxc6 27. dxc6 b5 28. Rxd7 Qf8 29. c7 Re8 30. a3 Be7 31. Be3 bxa4 32. Bxa6 Bxa3 33. c8Q Rxc8 34. Bxc8 Qxc8 35. Qd2 Be7 36. Ra7 Qe8 37. Qd5 Bf8 38. Kf2 Qb8 39. Qxf7+ Kh8 40. Bd4 1-0

[Event "SLO-chT Central 19th"]
[Site "Slovenia"]
[Date "2018.09.27"]
[Round "3.1"]
[White "Lah, Emil"]
[Black "Jelen, Igor"]
[Result "1-0"]
[WhiteElo "1963"]
[BlackElo "2342"]
[PlyCount "109"]
[EventDate "2018.09.13"]
[EventType "team-tourn"]
[EventRounds "7"]
[EventCountry "SLO"]
[SourceTitle "EXT 2021"]
[Source "ChessBase"]
[SourceDate "2020.10.23"]
[SourceVersion "1"]
[SourceVersionDate "2020.10.23"]
[SourceQuality "1"]
[WhiteTeam "Trzin Buscotrade"]
[BlackTeam "Ig"]
[WhiteTeamCountry "SLO"]
[BlackTeamCountry "SLO"]

1. e4 c5 2. Nf3 Nc6 3. d4 cxd4 4. Nxd4 Nf6 5. Nc3 e5 6. Ndb5 d6 7. Bg5 a6 8. Na3 b5 9. Bxf6 gxf6 10. Nd5 f5 11. Bd3 Be6 12. 0-0 Bxd5 13. exd5 Ne7 14. Qh5 e4 15. Be2 Bg7 16. c3 b4 17. Nc4 bxc3 18. bxc3 Bxc3 19. Rac1 Bd4 20. Rcd1 Bc5 21. Kh1 Qd7 22. f3 0-0 23. fxe4 fxe4 24. Rf6 Ng6 25. Rdf1 Qe7 26. Qg5 Ra7 27. Qh6 Bd4 28. Rxd6 Rc8 29. Rc6 Rxc6 30. dxc6 Qc5 31. Qd2 Rc7 32. Rd1 Bf6 33. Qd6 Qxc6 34. Qxc6 Rxc6 35. Rd6 Rxd6 36. Nxd6 e3 37. Ne4 Be5 38. Bxa6 f5 39. Ng3 f4 40. Ne2 Kg7 41. Bd3 Kf6 42. a4 Bc7 43. Kg1 Ke5 44. Kf1 Ba5 45. Nc1 Kd4 46. Bxg6 hxg6 47. Nb3+ Kc3 48. Nxa5 Kb4 49. Nc6+ Kxa4 50. Ke2 Kb5 51. Ne5 g5 52. h3 Kc5 53. Nf3 g4 54. hxg4 Kd5 55. Kd3 1-0

[Event "Ljubljana-chT 71st"]
[Site "Ljubljana"]
[Date "2018.04.05"]
[Round "9.1"]
[White "Lah, Emil"]
[Black "Urh, Zala"]
[Result "0-1"]
[WhiteElo "1959"]
[BlackElo "1980"]
[PlyCount "66"]
[EventDate "2018.01.11"]
[EventType "team-tourn"]
[EventRounds "9"]
[EventCountry "SLO"]
[SourceTitle "EXT 2020"]
[Source "ChessBase"]
[SourceDate "2019.10.17"]
[SourceVersion "1"]
[SourceVersionDate "2019.10.17"]
[SourceQuality "1"]
[WhiteTeam "Trzin Buscotrade"]
[BlackTeam "Kranj Gimnazija"]
[WhiteTeamCountry "SLO"]
[BlackTeamCountry "SLO"]

1. e4 e5 2. Nf3 Nc6 3. d4 exd4 4. Nxd4 Nf6 5. Nxc6 bxc6 6. e5 Qe7 7. Qe2 Nd5 8. c4 Nb6 9. b3 g6 10. Bb2 Bg7 11. f4 0-0 12. Nd2 d6 13. 0-0-0 Re8 14. Re1 Bd7 15. Qf2 a5 16. Bd3 a4 17. Bb1 axb3 18. axb3 dxe5 19. fxe5 Ra5 20. Rhf1 Be6 21. Ne4 Bh6+ 22. Kc2 Bf5 23. Qxf5 gxf5 24. Nf6+ Kf8 25. Rxf5 Qe6 26. Nxh7+ Ke7 27. Rf6 Qg4 28. Rxh6 Qf5+ 29. Kc3 Qf2 30. Re4 Nd5+ 31. cxd5 Rc5+ 32. Kb4 Rb8+ 33. Ka3 Ra5+ 0-1

[Event "Ljubljana-chT 70th"]
[Site "Ljubljana"]
[Date "2017.01.26"]
[Round "3.1"]
[White "Lah, Emil"]
[Black "Debevec, Blaz"]
[Result "1/2-1/2"]
[WhiteElo "1940"]
[BlackElo "2180"]
[PlyCount "101"]
[EventDate "2017.01.12"]
[EventType "team-tourn"]
[EventRounds "9"]
[EventCountry "SLO"]
[SourceTitle "EXT 2019"]
[Source "ChessBase"]
[SourceDate "2018.10.10"]
[SourceVersion "1"]
[SourceVersionDate "2018.10.10"]
[SourceQuality "1"]
[WhiteTeam "Trzin Buscotrade"]
[BlackTeam "Komenda Popotnik"]
[WhiteTeamCountry "SLO"]
[BlackTeamCountry "SLO"]

1. e4 c6 2. d4 d5 3. exd5 cxd5 4. Bd3 Nc6 5. c3 Qc7 6. Bg5 Nf6 7. Nd2 Bg4 8. Ngf3 e6 9. Qa4 Bd6 10. Bh4 Nh5 11. Bg3 Nf4 12. Bxf4 Bxf4 13. h3 Bh5 14. 0-0 0-0 15. Qc2 Bg6 16. Bxg6 hxg6 17. Qd3 Rac8 18. Nb3 a5 19. a4 b6 20. Rfe1 Rfe8 21. Nc1 Ne7 22. Ne2 Bd6 23. Ng5 Nf5 24. Nf3 Qc4 25. Qxc4 dxc4 26. g4 Ne7 27. Ng5 Nd5 28. Ne4 Be7 29. Kg2 Rb8 30. Nd2 Rec8 31. Ra2 g5 32. Kf3 Rc6 33. Nf1 f6 34. Ne3 Rd8 35. Nxd5 Rxd5 36. Raa1 Kf7 37. Ng3 g6 38. Nf1 Rd7 39. Re2 f5 40. Rae1 Bf6 41. Ne3 Bd8 42. Nc2 Bc7 43. Na3 Bf4 44. Nb5 Kf6 45. d5 fxg4+ 46. hxg4 exd5 47. Nd4 Rcd6 48. Nb5 Rc6 49. Nd4 Rcd6 50. Nb5 Rc6 51. Nd4 1/2-1/2

[Event "SLO-chT Central Superliga 17th"]
[Site "Slovenia"]
[Date "2016.09.22"]
[Round "1.2"]
[White "Rozic, Adrijan"]
[Black "Lah, Emil"]
[Result "1/2-1/2"]
[WhiteElo "2085"]
[BlackElo "1942"]
[PlyCount "96"]
[EventDate "2016.09.22"]
[EventType "team-tourn"]
[EventRounds "9"]
[EventCountry "SLO"]
[SourceTitle "EXT 2023"]
[Source "ChessBase"]
[SourceDate "2022.10.05"]
[SourceVersion "1"]
[SourceVersionDate "2022.10.05"]
[SourceQuality "1"]
[WhiteTeam "Ig"]
[BlackTeam "Trzin Buscotrade"]
[WhiteTeamCountry "SLO"]
[BlackTeamCountry "SLO"]

1. d4 Nf6 2. Nf3 d5 3. e3 e6 4. c4 Be7 5. Nc3 0-0 6. Bd3 dxc4 7. Bxc4 b6 8. 0-0 Bb7 9. Qe2 Nc6 10. Rd1 a6 11. d5 exd5 12. Nxd5 Bd6 13. a3 Na5 14. Nxf6+ Qxf6 15. Bd5 Bxd5 16. Rxd5 Nb3 17. Rb1 b5 18. Qc2 Nxc1 19. Rxc1 c5 20. Rcd1 Be7 21. Ne5 Rfc8 22. Nd7 Qc6 23. h3 c4 24. Qc3 Re8 25. R1d4 Bf6 26. Nxf6+ Qxf6 27. Qa5 h6 28. Rd6 Re6 29. Rd7 Rf8 30. Qc7 Rc6 31. Qa5 Qg6 32. e4 Qg5 33. Qe1 Rg6 34. g3 Re8 35. Kh2 Rc6 36. f4 Qc5 37. Qc3 Rce6 38. Qf3 Qc6 39. Rd8 Rxd8 40. Rxd8+ Kh7 41. Rd5 Qe8 42. e5 f6 43. Qe4+ g6 44. Qd4 fxe5 45. fxe5 Qf8 46. Rd7+ Kg8 47. Rd8 Re8 48. Rd7 Re6 1/2-1/2

[Event "Ljubljana-chT 68th Superliga"]
[Site "Ljubljana"]
[Date "2015.02.12"]
[Round "5.2"]
[White "Subelj, Jan"]
[Black "Lah, Emil"]
[Result "1-0"]
[WhiteElo "1776"]
[BlackElo "1986"]
[PlyCount "51"]
[EventDate "2015.01.08"]
[EventType "team-tourn"]
[EventRounds "9"]
[EventCountry "SLO"]
[SourceTitle "EXT 2022"]
[Source "ChessBase"]
[SourceDate "2021.10.06"]
[SourceVersion "1"]
[SourceVersionDate "2021.10.06"]
[SourceQuality "1"]
[WhiteTeam "Komenda Pogi"]
[BlackTeam "Trzin Buscotrade"]
[WhiteTeamCountry "SLO"]
[BlackTeamCountry "SLO"]

1. e4 c5 2. Nf3 d6 3. d4 cxd4 4. Nxd4 Nf6 5. Nc3 a6 6. Be2 e5 7. Nb3 Be6 8. Be3 b5 9. 0-0 b4 10. Nd5 Bxd5 11. exd5 Be7 12. a3 bxa3 13. Rxa3 0-0 14. c4 Nfd7 15. Qc2 f5 16. f4 e4 17. Nd4 Qc8 18. g4 g6 19. Ne6 Rf7 20. gxf5 gxf5 21. Bh5 Rf6 22. Bd4 Rg6+ 23. Bxg6 hxg6 24. Qg2 Kf7 25. Rh3 Qg8 26. Rh8 1-0

[Event "Ljubljana-chT 64th 1st League"]
[Site "Ljubljana"]
[Date "2011.02.10"]
[Round "4.2"]
[White "Sedlar, Tomo"]
[Black "Lah, Emil"]
[Result "1/2-1/2"]
[WhiteElo "1748"]
[BlackElo "2150"]
[PlyCount "31"]
[EventDate "2011.01.13"]
[EventType "team-tourn"]
[EventRounds "9"]
[EventCountry "SLO"]
[SourceTitle "EXT 2022"]
[Source "ChessBase"]
[SourceDate "2021.10.06"]
[SourceVersion "1"]
[SourceVersionDate "2021.10.06"]
[SourceQuality "1"]
[WhiteTeam "Barob Smarca"]
[BlackTeam "Komenda Gaber"]
[WhiteTeamCountry "SLO"]
[BlackTeamCountry "SLO"]

1. d4 Nf6 2. c4 e6 3. Nc3 b6 4. Bg5 Be7 5. Nf3 Bb7 6. e3 d6 7. Bd3 Nbd7 8. 0-0 0-0 9. Rc1 c5 10. Bb1 cxd4 11. Nxd4 d5 12. cxd5 Nxd5 13. Qd3 g6 14. Bxe7 Qxe7 15. Nxd5 Bxd5 16. Rc7 1/2-1/2